[Event "40th Olympiad Open"]
[Site "Istanbul TUR"]
[Date "2012.09.05"]
[Round "8.21"]
[White "Khuseinkhodzhaev,M"]
[Black "Darini,P"]
[Result "1-0"]
[WhiteElo "2378"]
[BlackElo "2503"]

1.Nf3 Nf6 2.c4 g6 3.g3 Bg7 4.Bg2 O-O 5.O-O d5 6.cxd5 Nxd5 7.d4 Nb6 8.Nc3 Nc6
9.d5 Na5 10.Qc2 Nxd5 11.Rd1 c6 12.Ne1 Bd7 13.Nxd5 cxd5 14.Rxd5 e6 15.Rd3 Rc8
16.Qd1 Rc7 17.Bf4 e5 18.Rc1 Nc6 19.Bxc6 bxc6 20.Be3 Qc8 21.Rd2 Be6 22.b4 Re8
23.Qa4 f5 24.Nf3 f4 25.Bc5 e4 26.Ng5 e3 27.fxe3 fxg3 28.hxg3 Bd5 29.Bd6 Qd7
30.Bxc7 Qxc7 31.Kh2 Rxe3 32.Nf3 Qe7 33.Qa6 h6 34.Rcc2 Kh7 35.b5 cxb5 36.Qxb5 Bxf3
37.exf3 Rxf3 38.Rd7 Qe1 39.Rxg7+ Kxg7 40.Rc7+ Rf7 41.Qb2+ Kg8 42.Rc8+ Rf8
43.Qb3+ Kg7 44.Rc7+ Kf6 45.Qf3+ Kg5 46.Qxf8 Qe2+ 47.Kh3 Qe6+ 48.Kg2 Qe4+
49.Qf3 Qc2+ 50.Rxc2  1-0

[Event "11th Istanbul Open A"]
[Site "Istanbul TUR"]
[Date "2012.09.06"]
[Round "7"]
[White "Sulashvili,M"]
[Black "Narman,G"]
[Result "1/2-1/2"]
[WhiteElo "2415"]
[BlackElo "2051"]

1.Nf3 Nf6 2.c4 g6 3.g3 Bg7 4.Bg2 O-O 5.d4 c6 6.O-O d5 7.cxd5 cxd5 8.Nc3 Ne4
9.Qb3 Nxc3 10.bxc3 Nc6 11.Nd2 e6 12.Ba3 Re8 13.e4 Na5 14.Qb5 Bd7 15.Qd3 Nc4
16.Nxc4 Bb5 17.Rfe1 Bxc4 18.Qd2 dxe4 19.Bxe4 Bd5 20.Bd3 Qc7 21.Rac1 Bc4 22.Be4 Rac8
23.Qb2 b6 24.Qd2 Red8 25.f4 Bd5 26.Bd3 Bc4 27.Be4 Bd5 28.Bd3 Bc4  1/2-1/2

[Event "40th Olympiad Open"]
[Site "Istanbul TUR"]
[Date "2012.09.06"]
[Round "9.7"]
[White "Flores,Di"]
[Black "Markus,Rob"]
[Result "1/2-1/2"]
[WhiteElo "2589"]
[BlackElo "2599"]

1.Nf3 Nf6 2.c4 g6 3.g3 Bg7 4.Bg2 O-O 5.O-O d6 6.Nc3 e5 7.d3 Nc6 8.Rb1 a5
9.a3 Nd4 10.b4 axb4 11.axb4 c6 12.b5 Bg4 13.bxc6 bxc6 14.Nxd4 exd4 15.Ne4 Nxe4
16.Bxe4 d5 17.cxd5 cxd5 18.Bg2 Re8 19.Re1 Qd7 20.Rb2 Rab8 21.Rxb8 Rxb8 22.Bf4 Re8
23.Qb3 h5 24.Bxd5 Rxe2 25.Rxe2 Bxe2 26.Be4 Qa7 27.Qb2 Bg4 28.h4 Be6 29.Kg2 Qd7
30.Qb8+ Kh7 31.Qd6 Qb5 32.Qd8 f5 33.Bf3 Qxd3 34.Be5 Qc4 35.Qe7 Bf7 36.Bxg7 Kxg7
37.Qe2 Qc5 38.Qe1 Qd6 39.Qa1 f4 40.Qb2 Qe5 41.Qb7 fxg3 42.fxg3 d3 43.Qd7 Qb2+
44.Kf1 Qc1+ 45.Kg2 Qc2+ 46.Kf1 Qc4 47.Kf2 Qc3 48.Ke3 d2+ 49.Qd3 Qe5+ 50.Kxd2 Qxg3
51.Qd4+ Kh7 52.Be2 Qc7 53.Qf6 Qd7+ 54.Bd3 Kg8 55.Ke3 Qh3+ 56.Kd4 Qg3 57.Be4 Qg1+
58.Kd3 Qb1+ 59.Ke3 Qe1+ 60.Kf4 Qf2+ 61.Bf3 Qd2+ 62.Kg3 Qe3 63.Kg2 Kf8 64.Qh8+ Ke7
65.Qb2 Qc5 66.Qf2 Qc3 67.Qg3 Qd2+ 68.Qf2 Qd6 69.Qg3 Qc5 70.Qg5+ Qxg5+ 71.hxg5 Ke6
72.Kg3 Ke5 73.Kh4 Kf4 74.Bd1 Be6 75.Bxh5 gxh5 76.Kxh5 Bf5 77.g6 Bxg6+ 78.Kxg6  1/2-1/2

[Event "40th Olympiad Open"]
[Site "Istanbul TUR"]
[Date "2012.09.06"]
[Round "9.23"]
[White "Smith,Ax"]
[Black "Gunbayar,M"]
[Result "1-0"]
[WhiteElo "2503"]
[BlackElo "2358"]

1.Nf3 Nf6 2.c4 g6 3.g3 Bg7 4.Bg2 O-O 5.Nc3 d6 6.O-O e5 7.d3 Nc6 8.Rb1 Nh5
9.b4 f5 10.b5 Nd4 11.Nxd4 exd4 12.Nd5 h6 13.a4 Bd7 14.Bd2 Rb8 15.Qc2 Re8
16.Rfe1 Kh7 17.c5 c6 18.Nf4 Nf6 19.cxd6 g5 20.Nh3 cxb5 21.axb5 Rc8 22.Qa4 Qb6
23.e3 Ng4 24.e4 Qxd6 25.Qxa7 Ne5 26.exf5 Bxf5 27.Qxb7 Rb8 28.Qa6 Qd7 29.f4 Nxd3
30.Rxe8 Qxe8 31.fxg5 Qe2 32.Rf1 Bxh3 33.Bxh3 Qxd2 34.Bf5+ Kh8 35.Qg6 Qe3+
36.Kh1 Nf2+ 37.Rxf2 Kg8 38.Be6+ Kh8 39.Bf5 Kg8 40.gxh6 Qxh6 41.Qxh6 Bxh6
42.Bd3 Kg7 43.Kg2 Be3 44.Rb2 Rb6 45.Kf3 Kf6 46.Ke4 Ke7 47.Kd5 Kd7 48.Kc5 Kc7
49.h4 Rh6 50.Kd5 Kb6 51.Rc2 Rh5+ 52.Ke4 Rh8 53.Rc6+ Ka5 54.Kf3 Rf8+ 55.Kg4 Bf2
56.h5 Be3 57.h6 Rg8+ 58.Kh3 Kb4 59.h7 Rh8 60.b6 Bd2 61.b7  1-0

[Event "14th Trieste Open A"]
[Site "Trieste ITA"]
[Date "2012.09.06"]
[Round "7"]
[White "Srebrnic,V"]
[Black "Plenca,J"]
[Result "1/2-1/2"]
[WhiteElo "2207"]
[BlackElo "2336"]

1.c4 Nf6 2.g3 g6 3.Bg2 Bg7 4.Nf3 O-O 5.Nc3 d5 6.cxd5 Nxd5 7.O-O Nb6 8.d3 Nc6
9.Be3 e5 10.a4 a5 11.Bxb6 cxb6 12.Nb5 Qe7 13.Nd2 Rd8 14.Nc4 Be6 15.Rc1 Ra6
16.Qb3 Bh6 17.Rcd1 Raa8 18.Qa3 Qxa3 19.Nbxa3 Bg4 20.Rfe1 Nd4 21.Kf1 Bf8 22.h3 Be6
23.e3 Nc6 24.Nb5 Rxd3 25.Nxb6 Rad8 26.Ke2 Rxd1 27.Rxd1 Rxd1 28.Kxd1 Nb4 29.Bf1 Bb3+
30.Kd2 Nc6 31.Bc4 Bb4+ 32.Ke2 Bc2 33.Bd3 Bb3 34.Bc4 Bxc4+ 35.Nxc4 Kf8 36.Kd3 Ke7
37.f4 f5 38.fxe5 Be1 39.g4 fxg4 40.hxg4 h5 41.gxh5 gxh5 42.Ke4 h4 43.Nd4 Nd8
44.Kf3 Ne6 45.Nxe6 Kxe6 46.Nd6 Kxe5 47.Nxb7 Kd5  1/2-1/2

[Event "9th LGA Premium Cup"]
[Site "Nuernberg GER"]
[Date "2012.09.09"]
[Round "7.35"]
[White "Dehlinger,Alexander"]
[Black "Afek,Y"]
[Result "1/2-1/2"]
[WhiteElo "2177"]
[BlackElo "2301"]

1.Nf3 Nf6 2.c4 g6 3.g3 Bg7 4.Bg2 O-O 5.O-O d6 6.d4 Nc6 7.Nc3 Rb8 8.b3 a6
9.Nd5 Nd7 10.Bb2 e6 11.Nc3 Ne7 12.Qd2 b5 13.Rab1 bxc4 14.bxc4 Nb6 15.Qd3 e5
16.dxe5 dxe5 17.Ba3 Qe8 18.e4 Be6 19.Nd5 Bxd5 20.cxd5 Qd7 21.Qxa6 Ra8 22.Qd3 Rfd8
23.Bh3 Qxh3 24.Bxe7 Re8 25.d6 Qd7 26.Qb5 cxd6 27.Qxd7  1/2-1/2

[Event "3rd Livigno Open A"]
[Site "Livigno ITA"]
[Date "2012.09.17"]
[Round "9.6"]
[White "Castellanos Rodriguez,R"]
[Black "Zhou,Y"]
[Result "1-0"]
[WhiteElo "2491"]
[BlackElo "2414"]

1.Nf3 Nf6 2.c4 g6 3.g3 Bg7 4.Bg2 O-O 5.O-O d6 6.Nc3 e5 7.d4 Nbd7 8.e3 Re8
9.a4 a5 10.b3 c6 11.Ra2 e4 12.Ng5 d5 13.f3 h6 14.Nh3 exf3 15.Qxf3 dxc4 16.bxc4 Nb6
17.c5 Nbd5 18.Nxd5 cxd5 19.Nf4 Ne4 20.Rb2 Ra6 21.Qd1 g5 22.Nh5 f5 23.g4 fxg4
24.Bxe4 Rxe4 25.Rbf2 Re7 26.Qb3 Be6 27.Qb1 Qe8 28.Rf8+ Qxf8 29.Rxf8+ Kxf8
30.c6 Rxc6 31.Ba3  1-0

[Event "zt 3.5 China Men 2012"]
[Site "Beijing CHN"]
[Date "2012.09.19"]
[Round "10.14"]
[White "Yu Lie"]
[Black "Xu,Xiangyu"]
[Result "1/2-1/2"]
[WhiteElo "2406"]
[BlackElo "1990"]

1.Nf3 Nf6 2.c4 g6 3.g3 Bg7 4.Bg2 O-O 5.O-O d5 6.cxd5 Nxd5 7.d4 Nc6 8.e4 Nb6
9.d5 Na5 10.Nc3 c6 11.Nd4 cxd5 12.exd5 e6 13.Nb3 Nxb3 14.axb3 exd5 15.Nxd5 Be6
16.Nxb6 Qxd1 17.Rxd1 axb6 18.Rxa8 Rxa8 19.Bxb7 Bxb3 20.Re1 Ra1 21.Kg2 Be6
22.b4 Bc3 23.Rd1 Kg7 24.Bf3 Bb3 25.Bd2  1/2-1/2

[Event "TCh-SRB Prem 2012"]
[Site "Valjevo SRB"]
[Date "2012.09.21"]
[Round "5.4"]
[White "Bogosavljevic,B"]
[Black "Damljanovic,B"]
[Result "1-0"]
[WhiteElo "2497"]
[BlackElo "2572"]

1.Nf3 Nf6 2.c4 g6 3.g3 Bg7 4.Bg2 O-O 5.O-O d6 6.d4 Nc6 7.Nc3 Bf5 8.d5 Na5
9.Nd4 Bd7 10.b3 c5 11.dxc6 bxc6 12.Bb2 Rb8 13.Rb1 Qc8 14.Qd2 Bh3 15.e4 Bxg2
16.Kxg2 Rd8 17.Rfe1 Nb7 18.Qe2 e5 19.Nf3 Nc5 20.Rbd1 Ne6 21.Bc1 Ne8 22.Be3 Rb7
23.Ng5 N8c7 24.Qf3 f6 25.Nxe6 Nxe6 26.c5 dxc5 27.Qe2 Bf8 28.Rxd8 Nxd8 29.Qa6 Ne6
30.Na4 Qc7 31.Bxc5 Nxc5 32.Nxc5 Rb6 33.Qc4+ Qf7 34.Qc2 Rb5 35.Na4 Qe6 36.Rc1 Rb4
37.Rd1 Rd4 38.Nb2 f5 39.Rxd4 exd4 40.exf5 Qd5+ 41.Kf1 Ba3 42.Nd3 Qh1+ 43.Ke2 Qe4+
44.Kd2 a5 45.f6 Kf8 46.b4 Qd5 47.Qc5+ Qxc5 48.bxc5 Kf7 49.Ke2 Kxf6 50.Kf3 Kf5
51.g4+ Kg5 52.Kg3 h5 53.h4+ Kf6 54.gxh5 gxh5 55.Kf4 Ke6 56.Ke4 Kf6 57.Kxd4 Kf5
58.f3 Ke6 59.Ke4 Kf6 60.f4  1-0

[Event "TCh-VIE 2012"]
[Site "Ho Chi Minh City VIE"]
[Date "2012.09.22"]
[Round "3.22"]
[White "Le,Nhat Minh"]
[Black "Huynh Lam Binh Nguyen"]
[Result "0-1"]
[WhiteElo "1883"]
[BlackElo "2017"]

1.c4 Nf6 2.g3 g6 3.Bg2 Bg7 4.Nf3 O-O 5.O-O d6 6.d4 Nc6 7.Nc3 e5 8.d5 Ne7
9.b3 h6 10.Qd2 Bd7 11.Ba3 b6 12.Rad1 Nh5 13.Ne1 Qc8 14.e4 f5 15.Bb2 f4 16.Ne2 g5
17.f3 fxg3 18.hxg3 Ng6 19.Nd3 Bh3 20.Rf2 Bxg2 21.Kxg2 Qd7 22.Rh1 Nf6 23.Qe3 Rae8
24.Nc3 Re7 25.Qe2 h5 26.Bc1 g4 27.fxg4 hxg4 28.Bg5 Ref7 29.Rhf1 Nh5 30.Rxf7 Rxf7
31.Rxf7 Kxf7 32.Nf2 Bf6 33.Bxf6 Ngf4+  0-1

[Event "TCh-SRB Prem w 2012"]
[Site "Valjevo SRB"]
[Date "2012.09.23"]
[Round "7.3"]
[White "Milutinovic,Stef"]
[Black "Djukic,Sa"]
[Result "0-1"]
[WhiteElo "1981"]
[BlackElo "2141"]

1.Nf3 Nf6 2.c4 g6 3.g3 Bg7 4.Bg2 O-O 5.O-O d6 6.d4 Nbd7 7.Nc3 c6 8.e4 e5
9.dxe5 Nxe5 10.Nxe5 dxe5 11.Be3 Qe7 12.h3 Be6 13.b3 Rad8 14.Qc2 Qc7 15.Rad1 b6
16.Rxd8 Rxd8 17.Rd1 Rxd1+ 18.Qxd1 Qd7 19.Qxd7 Nxd7 20.Kf1 Bf8 21.Ke2 Bc5
22.Kd3 Bxe3 23.Kxe3 Kf8 24.Bf1 Ke7 25.h4 Kd6 26.b4 Nf8 27.Be2 f6 28.Kd3 Bd7
29.Bd1 Bh3 30.Ne2 Bf1 31.Kd2 Ne6 32.g4 g5 33.h5 Bxe2 34.Bxe2 h6 35.f3 Nd4
36.Bd1 a6 37.a4 Ne6 38.Be2 a5 39.bxa5 bxa5 40.Bd1 Kc5 41.Kc3 Nd4 42.Kd3 Kb4
43.c5 Ne6  0-1

[Event "Tatry Open 2012"]
[Site "Tatranske Zruby SVK"]
[Date "2012.09.25"]
[Round "3.48"]
[White "Cambel,V"]
[Black "Goga,F"]
[Result "1-0"]
[WhiteElo "2059"]
[BlackElo "1944"]

1.Nf3 Nf6 2.c4 g6 3.g3 Bg7 4.Bg2 O-O 5.O-O d6 6.d4 c5 7.Nc3 Nc6 8.h3 cxd4
9.Nxd4 Nxd4 10.Qxd4 Nd7 11.Qh4 Nb6 12.Bg5 Re8 13.Rac1 Rb8 14.Rfd1 Bd7 15.b3 Nc8
16.Nd5 f6 17.Bh6 e6 18.Nc3 Qa5 19.Ne4 g5 20.Qh5 Re7 21.Bxg7 Kxg7 22.Nxf6 Kxf6
23.Qh6+ Kf7 24.Qxh7+ Kf8 25.Qh8+ Kf7 26.Bf3 Re8 27.Bh5+ Ke7 28.Qg7+ Kd8 29.Bxe8 Bxe8
30.c5 d5 31.e4 Qc7 32.Qxg5+ Qe7 33.Qe5 Qc7 34.Qxe6 Ne7 35.exd5 Qd7 36.Qe5 Kc8
37.c6 bxc6 38.dxc6 Nxc6 39.Rxd7 Bxd7 40.Qd6 Rb6 41.h4  1-0

[Event "TCh-VIE 2012"]
[Site "Ho Chi Minh City VIE"]
[Date "2012.09.26"]
[Round "8.12"]
[White "Nguyen,Anh Khoi"]
[Black "Tran Manh Tien"]
[Result "0-1"]
[WhiteElo "1921"]
[BlackElo "2300"]

1.Nf3 Nf6 2.c4 g6 3.g3 Bg7 4.Bg2 O-O 5.O-O d6 6.d4 Nc6 7.Nc3 a6 8.b3 Rb8
9.a4 a5 10.Bb2 Bf5 11.Re1 Qc8 12.e4 Bg4 13.Qd2 e5 14.Nb5 Nd7 15.Rab1 Bxf3
16.Bxf3 exd4 17.Nxd4 Bxd4 18.Bxd4 Nxd4 19.Qxd4 Qe8 20.Bg2 Qe5 21.Qd2 Rfe8
22.Re3 Re7 23.Rbe1 Rbe8 24.h3 Qc5 25.Kh2 Qb6 26.Qc3 Ne5 27.Rd1 Nd7 28.Rde1 Re5
29.R1e2 R5e7 30.Re1 Nc5 31.R1e2 Qb4 32.Qb2 Ra8 33.h4 Rae8 34.Kg1 Qb6 35.Qc3 Nd7
36.h5 Qc5 37.hxg6 hxg6 38.Bh3 Ne5 39.Qb2 Nc6 40.Re1 Qd4 41.Qc2 Qf6 42.Bg2 Nd4
43.Qc3 c5 44.Qa1 Kg7 45.f4 Qe6 46.Rd3 Qf6 47.Rde3 Kg8 48.Rd3 Qg7 49.Rf1 Qf6
50.Re1 Kf8  0-1

[Event "Tatry Open 2012"]
[Site "Tatranske Zruby SVK"]
[Date "2012.09.26"]
[Round "5.27"]
[White "Demeter,P"]
[Black "Kukucka,M"]
[Result "1-0"]
[WhiteElo "2187"]
[BlackElo "2008"]

1.c4 Nf6 2.Nf3 g6 3.g3 Bg7 4.Bg2 O-O 5.Nc3 d6 6.O-O Nc6 7.d3 e5 8.Rb1 a5
9.a3 Bf5 10.e4 Bg4 11.Be3 Qd7 12.Qd2 Bh3 13.Bh6 Rfe8 14.Bxg7 Kxg7 15.Ne2 Bxg2
16.Kxg2 a4 17.Nh4 Ng8 18.f4 f6 19.Nf3 Nh6 20.Rbe1 f5 21.Nc3 exf4 22.gxf4 Ng4
23.Nd5 Ne7 24.Qc3+ Kg8 25.h3 Nxd5 26.cxd5 Nh6 27.Qc4 Ra5 28.Rf2 Nf7 29.Nd4 Rc5
30.Qb4 Nd8 31.Kh2 c6 32.Qxa4 Qg7 33.Nxf5 Qf8 34.Ne3 cxd5 35.Ng4 h5 36.Ne3 b5
37.Qb3 Qf7 38.d4  1-0

[Event "TCh-SRB Prem w 2012"]
[Site "Valjevo SRB"]
[Date "2012.09.27"]
[Round "11.3"]
[White "Nonkovic,B"]
[Black "Injac,Teodora"]
[Result "1-0"]
[WhiteElo "1996"]
[BlackElo "1704"]

1.Nf3 Nf6 2.c4 g6 3.g3 Bg7 4.Bg2 O-O 5.O-O d6 6.d4 Nbd7 7.Nc3 c6 8.e4 e5
9.h3 a6 10.a3 a5 11.Be3 exd4 12.Nxd4 Nc5 13.e5 dxe5 14.Nxc6 Qxd1 15.Raxd1 Ncd7
16.Ne7+ Kh8 17.c5 Rb8 18.Nb5 Re8 19.Nxc8 Rexc8 20.Nd6 Rc7 21.b4 axb4 22.axb4 Kg8
23.Bxb7 Ne8 24.c6 Nxd6 25.Rxd6 Nf6 26.Bb6 Rcxb7 27.cxb7 Rxb7 28.Rd8+ Bf8
29.Bc5 Nd7 30.Bxf8 Nxf8 31.Rb1 Kg7 32.b5 Ne6 33.Rc8 Kf6 34.b6 Ke7 35.Ra8 Kf6
36.Ra7 Rb8 37.Kf1 Kg7 38.Ra5 Kf6 39.b7 Nd8 40.Rb6+ Kg7 41.Rab5 Kf8 42.Ke2 Kg8
43.Rd5 Ne6 44.Ra5 Nd4+ 45.Kf1  1-0

[Event "TCh-NED Meesterklasse 2012-13"]
[Site "Netherland NED"]
[Date "2012.10.06"]
[Round "2.2"]
[White "Van Oosterom,C"]
[Black "Giri,A"]
[Result "0-1"]
[WhiteElo "2384"]
[BlackElo "2730"]

1.Nf3 Nf6 2.c4 g6 3.g3 Bg7 4.Bg2 O-O 5.O-O d6 6.Nc3 e5 7.d3 Nc6 8.Bg5 h6
9.Bxf6 Bxf6 10.Rb1 Bg7 11.b4 a6 12.Nd2 e4 13.d4 e3 14.Nf3 Bf5 15.Rb3 Re8
16.fxe3 Rxe3 17.Qd2 Qe8 18.Rf2 Rc8 19.b5 Na5 20.Rb4 axb5 21.cxb5 c5 22.bxc6 Nxc6
23.Rc4 Be6 24.d5 Na5 25.Rxc8 Bxc8 26.Nb5 Nc4 27.Qb4 Bd7 28.Nc7 Qc8 29.Qxc4 Rc3
30.Qf4 Qxc7 31.Nd4 Rc1+ 32.Rf1 Rxf1+ 33.Kxf1 Be5 34.Qd2 Kg7 35.Nb3 h5 36.Bf3 Qc4
37.Kg2 h4 38.Qd3 Qa4 39.Qd2 Bf5 40.Kf2 Bb1 41.Na5 Bf6 42.e3 b6 43.Nb7 Qa3
44.Be2 Kf8 45.Bc4 Ke7 46.Qe2 Qa4 47.g4 Be5 48.h3 Qa3 49.Bb3 Qa7  0-1

[Event "TCh-Central SRB 2012"]
[Site "Vrnjacka Banja SRB"]
[Date "2012.10.06"]
[Round "10.3"]
[White "Tadic,Br"]
[Black "Radovanovic,J"]
[Result "1/2-1/2"]
[WhiteElo "2525"]
[BlackElo "2341"]

1.Nf3 Nf6 2.c4 g6 3.g3 Bg7 4.Bg2 O-O 5.O-O c6 6.Nc3 d5 7.cxd5 cxd5 8.d4 Ne4
9.Ne5 Nxc3 10.bxc3 Nc6 11.f4 Na5 12.e4 dxe4 13.Bxe4 Bf5 14.Bxf5 gxf5 15.Qd3 Rc8
16.Rb1 b6 17.Qxf5 Rxc3 18.Bb2 Rc7 19.Rbc1 Rxc1 20.Rxc1 e6 21.Qe4 Qd6 22.Kg2 Rd8
23.Bc3 Rb8 24.Bxa5 bxa5 25.Rc6 Qe7 26.Nf3 Qd7 27.a4 h6 28.Qc2 Qb7 29.Rc5 Rd8
30.Rb5 Qa8 31.f5 Rxd4 32.fxe6 fxe6 33.Qb3 Qe4 34.Rb8+ Kh7 35.Qb1 Rxa4 36.Qxe4+ Rxe4
37.Ra8 a4 38.Rxa7 Kg8 39.Nh4 Bb2 40.Kf3 Rc4 41.Ng6 Bd4 42.Ra6 Kf7 43.Nf4 e5
44.Nd3 Bc3 45.Nf2 h5 46.Ne4 Bb4 47.Rxa4 Rd4 48.Ra6 Rd3+ 49.Ke2 Ra3 50.Rf6+ Kg7
51.Rb6 Bc3 52.Nf6 h4 53.Nh5+ Kf7 54.gxh4 Ra2+ 55.Kd3 Rxh2 56.Kxc3 Rxh4 57.Rf6+ Ke7
58.Rh6 Kf8 59.Kd3 Rd4+ 60.Ke3 Rh4 61.Kf3 Ke7 62.Kg3 Ra4 63.Nf6 Ke6 64.Ne4+ Kf7
65.Kf3 Rd4 66.Nc5 Rf4+ 67.Ke3 Rc4 68.Nd3 Ra4 69.Rb6 Ke7 70.Nb4 Ra1 71.Nd5+ Kd7
72.Ke4 Re1+ 73.Ne3 Ke7 74.Kd3 Kf7 75.Ra6 Ke7 76.Nd5+ Kf7 77.Kd2 Rh1 78.Ke3 Rh4
79.Rf6+ Ke8 80.Ra6 Kd7 81.Kf3 Rd4 82.Nf6+ Kc7 83.Ke3 Rh4 84.Nd5+ Kd7 85.Rg6 Rd4
86.Nf6+ Ke6 87.Ne4+ Ke7 88.Rg7+ Ke6 89.Rb7 Rd1 90.Rb6+ Ke7 91.Nc5 Rg1 92.Kf3 Kf7
93.Kf2 Rd1 94.Ke2 Rd5 95.Rc6 Rd4 96.Ke3 Rc4 97.Kd3 Rh4 98.Ne6 Ke7 99.Ng5 Rd4+
100.Ke3 Kd7 101.Ra6 Rb4 102.Nf7 Rb3+ 103.Ke4 Rb4+ 104.Kd5 Rb5+ 105.Kc4 Rb1
106.Nxe5+ Ke7 107.Kd4 Rd1+ 108.Nd3 Rh1 109.Nc5 Rh4+ 110.Ne4 Rh1 111.Rg6 Ra1
112.Kd5 Ra5+ 113.Nc5 Ra1 114.Re6+ Kf7 115.Re3 Kf6 116.Rf3+ Kg6 117.Nb3 Rd1+
118.Nd4 Rd2 119.Ke5 Rg2 120.Nf5 Kg5  1/2-1/2

[Event "FSIM October 2012"]
[Site "Budapest HUN"]
[Date "2012.10.12"]
[Round "6.1"]
[White "Kojima,S"]
[Black "Hou,Qiang"]
[Result "1-0"]
[WhiteElo "2307"]
[BlackElo "2339"]

1.Nf3 Nf6 2.c4 g6 3.g3 Bg7 4.Bg2 O-O 5.O-O d6 6.d4 Nc6 7.Nc3 a6 8.Bf4 Rb8
9.Rc1 Bd7 10.Qd2 b5 11.Nd5 bxc4 12.Nxf6+ Bxf6 13.Rxc4 e5 14.Bh6 Re8 15.dxe5 Nxe5
16.Nxe5 Bxe5 17.b3 c5 18.Rd1 Qb6 19.Bf4 Bb5 20.Re4 Bc6 21.Rc4 Bxg2 22.Kxg2 d5
23.Rc2 Rbd8 24.Rdc1 Bxf4 25.Qxf4 d4 26.Rxc5 Rxe2 27.Rc7 Qe6 28.R1c6 Qd5+
29.Qf3 d3 30.Rc8 Re5 31.Qxd5 Rxd5 32.Rxd8+ Rxd8 33.Rc1 Kg7 34.Rd1 Kf6 35.Kf3 Kg5
36.h3 f5 37.Ke3 Re8+ 38.Kxd3 f4 39.Rc1 Rd8+ 40.Ke2 fxg3 41.fxg3 Rd5 42.b4 Rd6
43.Ke3 Kf5 44.Rc5+ Ke6 45.Ke4 Rb6 46.a3 Kd7 47.g4 Re6+ 48.Re5 Rc6 49.Kd4 h6
50.h4 Rf6 51.g5 hxg5 52.hxg5 Rc6 53.a4 Rb6 54.Kc4 Rc6+ 55.Rc5 Re6 56.b5 Re4+
57.Kb3 axb5 58.axb5 Re8 59.Kb4 Re6 60.Ka5 Re8 61.b6 Kd6 62.Kb5 Re1 63.Rc6+ Kd7
64.Rxg6 Rb1+ 65.Ka6 Ra1+ 66.Kb7 Rf1 67.Rg8 Ke7 68.g6 Kd6 69.Ka8 Kc6 70.g7 Rf7
71.Rc8+ Kxb6 72.Rb8+  1-0

[Event "NIT Nagpur GM Open 2012"]
[Site "Nagpur IND"]
[Date "2012.10.17"]
[Round "3.4"]
[White "Rahman,Zia"]
[Black "Sharma,Di"]
[Result "1-0"]
[WhiteElo "2502"]
[BlackElo "2384"]

1.Nf3 Nf6 2.g3 g6 3.c4 Bg7 4.Bg2 O-O 5.O-O d6 6.d4 Nc6 7.Nc3 a6 8.b3 Rb8
9.Nd5 e6 10.Nxf6+ Qxf6 11.Bb2 Qd8 12.e4 b5 13.Rc1 bxc4 14.Rxc4 Bb7 15.Qc2 Ne7
16.Ba3 Re8 17.Nd2 d5 18.Ra4 dxe4 19.Bxe4 Bxe4 20.Qxe4 Nd5 21.Qd3 Nb6 22.Rxa6 Qxd4
23.Qxd4 Bxd4 24.Nf3 Bf6 25.Bc5 Ra8 26.Rxa8 Rxa8 27.a4 Ra5 28.Rc1 Nd5 29.Bd4 Be7
30.Ne5 Ra8 31.Nc6 Bd6 32.Bc5 Bxc5 33.Rxc5 Kf8 34.Kf1 Ke8 35.Ke2 Kd7 36.Kd3 Kd6
37.Kc4 Ra6 38.Nb4 Nb6+ 39.Kd4 Ra7 40.Rc6+ Kd7 41.Rc2 Ra5 42.Rc5 Ra8 43.a5 Nc8
44.Nd3 Nd6 45.b4 f6 46.f4 h5 47.Rc1 Nb5+ 48.Kc4 Nd6+ 49.Kb3 Re8 50.a6 e5
51.fxe5 fxe5 52.a7 Nb5 53.Nxe5+ Kd6 54.Rd1+ Ke7 55.Nc6+ Kf6 56.Kc4  1-0

[Event "Danilo Batricevic Mem Balkan GP"]
[Site "Cetinje MNE"]
[Date "2012.10.21"]
[Round "2.11"]
[White "Abramovic,B"]
[Black "Scekic,V"]
[Result "1-0"]
[WhiteElo "2447"]
[BlackElo "2189"]

1.Nf3 Nf6 2.c4 g6 3.g3 Bg7 4.Bg2 O-O 5.O-O d6 6.d4 Nc6 7.Nc3 e5 8.d5 Ne7
9.Ne1 Nd7 10.Nd3 f5 11.e4 b6 12.f4 Nc5 13.Nxc5 bxc5 14.fxe5 Bxe5 15.Bh6 Rf7
16.Qd2 Bd7 17.Rae1 Rb8 18.b3 c6 19.exf5 Nxf5 20.dxc6 Bd4+ 21.Kh1 Nxh6 22.cxd7 Rxd7
23.Nd5 Bg7 24.Bh3 Rdb7 25.Be6+ Kh8 26.g4 a5 27.g5 Ng8 28.Qf4 a4 29.Nf6 Nxf6
30.gxf6 Bf8 31.Bd5 Ra7 32.Re3 axb3 33.axb3 Qd7 34.Rfe1 Ra3 35.Re7 Qh3 36.Rg7  1-0

[Event "16th Unive Open"]
[Site "Hoogeveen NED"]
[Date "2012.10.21"]
[Round "3"]
[White "Valdes,Le"]
[Black "Wiersma,E"]
[Result "1-0"]
[WhiteElo "2414"]
[BlackElo "2367"]

1.Nf3 Nf6 2.c4 g6 3.g3 Bg7 4.Bg2 O-O 5.O-O d6 6.Nc3 c6 7.Rb1 a6 8.b4 b5 9.d3 bxc4
10.dxc4 Bf5 11.Rb3 e5 12.Nd2 Be6 13.Ra3 Ra7 14.Qc2 Rb7 15.Rb3 d5 16.Na4 Nbd7
17.e4 a5 18.Ba3 axb4 19.Bxb4 Re8 20.Be7 Qa8 21.Rxb7 Qxb7 22.Rb1 Qa7 23.Bxf6 Nxf6
24.Nc3 dxc4 25.Bf1 Bh6 26.Nxc4 Qc5 27.Rd1 Ra8 28.Nb1 Bg4 29.Be2 Ra4 30.Qxa4 Bxe2
31.Rd8+ Kg7 32.Qa3 Qxa3 33.Nbxa3 Bc1 34.Ra8 Nxe4 35.Nxe5 Kf6 36.Nac4 Kf5
37.Ra5 Ke6 38.f3 Nc3 39.Rc5 Nxa2 40.Kf2 Bxc4 41.Nxc4 Nb4 42.Ke2 Bh6 43.Re5+ Kd7
44.Re4 Nd5 45.Rh4  1-0

[Event "Danilo Batricevic Mem Balkan GP"]
[Site "Cetinje MNE"]
[Date "2012.10.24"]
[Round "6.1"]
[White "Bogosavljevic,B"]
[Black "Abramovic,B"]
[Result "1-0"]
[WhiteElo "2497"]
[BlackElo "2447"]

1.Nf3 Nf6 2.c4 g6 3.g3 Bg7 4.Bg2 O-O 5.O-O d6 6.d4 Nc6 7.Nc3 Bf5 8.Ne1 Bd7
9.b3 a6 10.Bb2 Rb8 11.Rc1 b5 12.cxb5 axb5 13.Nb1 Na7 14.Nd3 c6 15.Nd2 Qb6
16.e4 Rfd8 17.b4 Be8 18.Nb3 Nd7 19.Qe2 Qa6 20.d5 Bxb2 21.Qxb2 Nb6 22.h4 Nc4
23.Qe2 Bd7 24.h5 Rdc8 25.Ndc5 dxc5 26.Nxc5 Qa3 27.Nxd7 Ra8 28.hxg6 hxg6 29.e5 Qxb4
30.Qg4 Kg7 31.e6 cxd5 32.exf7 Nc6 33.Bxd5 Qd6 34.Bxc4 bxc4 35.Rxc4 Rh8 36.f8=Q+ Raxf8
37.Nxf8 Rxf8 38.Rd1 Ne5 39.Rxd6  1-0

[Event "Chigorin Mem Rapid"]
[Site "St Petersburg RUS"]
[Date "2012.10.25"]
[Round "3.6"]
[White "Grigoriants,S RUS"]
[Black "Demchenko,A"]
[Result "1/2-1/2"]
[WhiteElo "2578"]
[BlackElo "2610"]

1.Nf3 Nf6 2.c4 g6 3.g3 Bg7 4.Bg2 O-O 5.O-O d6 6.Nc3 e5 7.d3 c6 8.Rb1 a5 9.a3 Re8
10.Bg5 Be6 11.Qd2 Nbd7 12.b3 d5 13.cxd5 cxd5 14.Rfc1 Qb6 15.Bxf6 Bxf6 16.Ng5 Bxg5
17.Qxg5 d4 18.Nd5 Qd8  1/2-1/2

[Event "Danilo Batricevic Mem Balkan GP"]
[Site "Cetinje MNE"]
[Date "2012.10.27"]
[Round "9.3"]
[White "Mijovic,S"]
[Black "Djukic,Ni"]
[Result "1/2-1/2"]
[WhiteElo "2380"]
[BlackElo "2539"]

1.c4 g6 2.Nf3 Bg7 3.g3 Nf6 4.Bg2 O-O 5.O-O d5 6.cxd5 Nxd5 7.Nc3 Nb6 8.d4 Nc6
9.d5 Na5 10.Bf4 c6 11.dxc6 Nxc6 12.Qc1 e5 13.Rd1 Qe7 14.Bh6 Bg4 15.Bxg7 Kxg7
16.b3 Rad8 17.Qb2 Kg8 18.h3 Bc8 19.e4 Be6 20.Nd5 Nxd5 21.exd5 Rxd5 22.Rxd5 Bxd5
23.Nxe5 Bxg2 24.Ng4 Ne5 25.Kxg2 Nxg4 26.hxg4 Rd8 27.Qc3 Qe4+ 28.Qf3 Qxf3+
29.Kxf3 Rd2 30.Ke3 Rb2 31.g5 Kg7 32.f4 b6 33.Ke4 h6 34.gxh6+ Kxh6 35.g4 Kg7
36.g5 Kf8 37.Kd5 Rf2 38.Ke5 Ke7 39.b4 Re2+ 40.Kd5 Kd7 41.a3 Re3 42.Kd4 Rb3
43.Ke5 Ke7 44.Kd5 Kd7 45.Ke5 Ke7 46.Kd5 Kd7  1/2-1/2

[Event "7th Deizisau Autumn"]
[Site "Deizisau GER"]
[Date "2012.10.27"]
[Round "2.1"]
[White "Lebeda,T"]
[Black "Sanikidze,T"]
[Result "0-1"]
[WhiteElo "2037"]
[BlackElo "2580"]

1.c4 Nf6 2.Nf3 g6 3.g3 Bg7 4.Bg2 O-O 5.O-O d5 6.cxd5 Nxd5 7.d4 c5 8.Nc3 Nxc3
9.bxc3 Nc6 10.Rb1 Qa5 11.Qb3 Bf5 12.Rb2 cxd4 13.cxd4 Nxd4 14.Nxd4 Bxd4 15.Bh6 Rfd8
16.Qxb7 Rac8 17.Rb5 Qxa2 18.Qxe7 Be6 19.e3 Bc3 20.Rb7 Re8 21.Qd6 a5 22.h4 a4
23.Ra7 Qb3 24.Bc6 Qb6 25.Re7 Rxe7 26.Qxe7 Qxc6 27.Rd1 Qe8 28.Qa3 Bb3  0-1

[Event "TCh-SVK Extraliga 2012-13"]
[Site "Slovakia SVK"]
[Date "2012.10.27"]
[Round "1.5"]
[White "Lipka,J"]
[Black "Nayhebaver,Martin"]
[Result "1/2-1/2"]
[WhiteElo "2441"]
[BlackElo "2144"]

1.Nf3 Nf6 2.c4 g6 3.g3 Bg7 4.Bg2 O-O 5.O-O d6 6.d4 a6 7.Nc3 Nc6 8.h3 Rb8
9.Bg5 Bd7 10.Rc1 b5 11.cxb5 axb5 12.d5 Na5 13.b4 Nc4 14.Qb3 h6 15.Bxf6 Bxf6
16.a4 Ne5 17.Nxe5 bxa4 18.Nxa4 Bxe5 19.Nb2 Bg7 20.Rc2 Rb7 21.Rfc1 Qb8 22.Nd3 Bb5
23.h4 h5 24.Nf4 Ba6 25.Qa4 Bb5 26.Qb3 Ba6 27.Qa4 Bb5  1/2-1/2

[Event "TCh-SVK Extraliga 2012-13"]
[Site "Slovakia SVK"]
[Date "2012.10.27"]
[Round "1.6"]
[White "Stohl,I"]
[Black "Stockova,Z"]
[Result "1-0"]
[WhiteElo "2518"]
[BlackElo "2352"]

1.Nf3 Nf6 2.c4 g6 3.g3 Bg7 4.Bg2 O-O 5.O-O d6 6.d4 Nbd7 7.Nc3 e5 8.e4 exd4
9.Nxd4 Re8 10.h3 Nc5 11.Re1 a5 12.b3 Bd7 13.Rb1 Qc8 14.Kh2 h5 15.Bg5 Nh7
16.Be3 Nf6 17.f3 Kh7 18.Qd2 Ng8 19.Rbd1 Ne7 20.f4 Ne6 21.Ndb5 Bc6 22.Nd5 Nxd5
23.exd5 Bxb5 24.dxe6 Bc6 25.exf7 Rf8 26.Bd5 Qf5 27.c5 dxc5 28.Bxc6 bxc6 29.Qd7 Rxf7
30.Qxc6 Raf8 31.Qxc5 h4 32.Qxf5 hxg3+ 33.Kxg3 Rxf5 34.Rd7 Kg8 35.Rc1 g5 36.Rcxc7 Bh6
37.Bd4 Rxf4 38.Bg7 Rf3+ 39.Kg4 R8f4+ 40.Kh5 Rh4+  1-0

[Event "Chigorin Memorial"]
[Site "St Petersburg RUS"]
[Date "2012.10.27"]
[Round "1.15"]
[White "Iordachescu,V"]
[Black "Rjanova,V"]
[Result "1/2-1/2"]
[WhiteElo "2637"]
[BlackElo "2206"]

1.c4 Nf6 2.Nf3 g6 3.g3 Bg7 4.Bg2 O-O 5.O-O d6 6.Nc3 Nc6 7.d3 e5 8.Rb1 a5
9.a3 Nd4 10.Nd2 c6 11.b4 axb4 12.axb4 Bd7 13.Bb2 Qc8 14.e3 Ne6 15.Na4 Qc7
16.c5 d5 17.Nb6 Ra6 18.Ra1 Bc8 19.Rxa6 bxa6 20.Qa1 Nd7 21.Nxc8 Qxc8 22.Nb3 Qb8
23.Na5 Rc8 24.Bc3 Qb5 25.d4 exd4 26.exd4 Nb8 27.Qd1 Nd7 28.Re1 Qb8 29.Bh3 Ndf8
30.Qd3 Qa8 31.Re3 Re8 32.Qe2 Rb8 33.Qd1 Nc7 34.Re7 Nb5 35.Qf3 f6 36.Qe3 f5
37.Bf1 Bf6 38.Bxb5 axb5 39.Re6 Nxe6 40.Qxe6+ Kg7 41.Nxc6 Rb7 42.Bd2 Qa2 43.Bh6+ Kxh6
44.Qxf6 Qb1+ 45.Kg2 Qe4+ 46.Kg1 Qb1+ 47.Kg2 Qe4+ 48.Kg1  1/2-1/2